LIBRARY ONLINE CATALOGUE

Biology : (Record no. 2799)

MARC details
000 -LEADER
fixed length control field 00551nam a22002052 4500
001 - CONTROL NUMBER
control field 0000004589
005 - DATE AND TIME OF LATEST TRANSACTION
control field 20151217145817.0
008 - FIXED-LENGTH DATA ELEMENTS--GENERAL INFORMATION
fixed length control field 070525s xx 000 0 eng d
020 ## - INTERNATIONAL STANDARD BOOK NUMBER
International Standard Book Number 0030538173 :
Terms of availability KES 800
040 ## - CATALOGING SOURCE
Original cataloging agency KABU
Transcribing agency KABU
050 #0 - LIBRARY OF CONGRESS CALL NUMBER
Classification number QH308.2
Item number .J64
100 1# - MAIN ENTRY--PERSONAL NAME
Personal name Johnson, George B.
-- 0000155222
245 10 - TITLE STATEMENT
Title Biology :
Remainder of title visualizing life.
260 ## - PUBLICATION, DISTRIBUTION, ETC. (IMPRINT)
Place of publication, distribution, etc. New York :
Name of publisher, distributor, etc. Holt,
Date of publication, distribution, etc. 1994.
300 ## - PHYSICAL DESCRIPTION
Extent xv, 850 p.
650 #0 - SUBJECT ADDED ENTRY--TOPICAL TERM
Topical term or geographic name as entry element Biology.
-- 0000003707
908 ## - PUT COMMAND PARAMETER (RLIN)
Put command parameter 070525
950 ## - LOCAL HOLDINGS (RLIN)
-- 1
Holdings
Withdrawn status Lost status Source of classification or shelving scheme Not for loan Home library Current library Date acquired Total Checkouts Full call number Barcode Date last seen Date last checked out Price effective from Koha item type Shelving location
    Library of Congress Classification   Kabarak, Main Campus Kabarak, Main Campus 17/12/2015 4 QH308.2 .J64 007429 06/11/2023 02/11/2023 17/12/2015 General Collection  
    Library of Congress Classification   Kabarak, Main Campus Kabarak, Main Campus 11/02/2016 2 QH308.2 .J64 1998 C.2 017218 06/12/2018 21/11/2018 11/02/2016 General Collection General Stacks